Delitos de cuello blanco en la Argentina: un análisis de sus relaciones con la administración estatal a la luz de las experiencias de la Fiscalía Nacional de Investigaciones Administrativas

Gespeichert in:
Bibliographische Detailangaben
1. Verfasser: Molinas, Fernando Horacio (autor)
Format: Buch
Sprache:Spanisch
Veröffentlicht: Buenos Aires Ediciones Depalma 1989
Ausgabe:1a. ed
Schriftenreihe:Biblioteca de Ciencias Penales, 9
Schlagworte:
Tags: Tag hinzufügen
Keine Tags, Fügen Sie den ersten Tag hinzu!

MARC

LEADER 00000cam a2200000 a 4500
001 UCC4294
003 CL-VaPUC
008 180727e19890000ag |||||||||||||||||spa|d
020 |a 9501405206 
082 0 4 |a 364.168  |b MOL  |2 21 
100 |a Molinas, Fernando Horacio  |e autor  |9 598459 
245 1 0 |a Delitos de cuello blanco en la Argentina: un análisis de sus relaciones con la administración estatal a la luz de las experiencias de la Fiscalía Nacional de Investigaciones Administrativas 
250 |a 1a. ed 
300 |a 97 p 
942 |c BK 
945 |d 20180727 12:54:00  |a dcastane 
260 |a Buenos Aires  |b Ediciones Depalma  |c 1989 
650 7 |a DELITO TRIBUTARIO  |2 CL-VaPUC  |9 377304 
650 7 |a DERECHO TRIBUTARIO ARGENTINO  |2 CL-VaPUC  |9 547833 
650 7 |a DELITOS DE CUELLO BLANCO  |2 CL-VaPUC  |9 523761 
583 |a last modification  |c 20180727 12:54:00  |k Rodrigo Vera 
490 0 |a Biblioteca de Ciencias Penales, 9 
999 |c 371847  |d 371845 
952 |0 0  |1 0  |3 erb  |4 0  |6 364_168000000000000_MOL_1989  |7 0  |8 A  |9 489044  |a BIBDER  |b BIBDER  |e Mateluna Arestizabal, Alfredo Sergio  |i 548331K  |o 364.168 MOL 1989  |p 548331K  |r 2023-01-25  |w 2019-11-24  |y BK  |z Catalogado en:20180727  |k DER